000 00417nam a2200169Ia 4500
003 LK-CoDNM
008 010623t2011 xxu||||| |||| 00| 1 sin d
040 _aLK-CoDNM
_dLK-CoDNM
_eLK-CoDNM
041 _asin
080 _aX 82.9 SEN
100 _aSenanayaka,G.B.
245 _aනවකථා කලාව
246 _aNawakatha Kalawa
260 _bGodage
_aColombo
_c2011
300 _b104, 21 cm
942 _cBK
999 _c131162
_d131162